000 00658nam a2200229Ia 4500
005 20250508165327.0
008 008 250505s9999 xx 000 0 eng d
020 _a978-0-415-57130-2
037 _aReference
040 _aFEDL
_beng
_cFEDL
041 _aeng
_2eng
084 _a370.152 3, JAR/RR
_qFEDL
100 _aJarvis Peter
_994535
245 0 _aRoutledge international handbook of learning
260 _aLondon, UK
_bRoutledge
_c2012
300 _axxiv, 578p.
365 _aGBP
_b60
546 _aSpecial Edition 2014
700 _a Watts Marry
_9780511
942 _cREF
_h370.152 3, JAR/RR
999 _c1394483
_d1394483